[Event "UKR-ch U20 qual"]
[Site "Lvov"]
[Date "2005.12.15"]
[Round "5"]
[White "Vovk, Yuri"]
[Black "Yaremko, Nazar"]
[Result "1-0"]
[WhiteElo "2435"]
[BlackElo "2254"]
[PlyCount "89"]
[EventDate "2005.12.11"]
[EventType "swiss"]
[EventRounds "9"]
[EventCountry "UKR"]
[SourceTitle "EXT 2007"]
[Source "ChessBase"]
[SourceDate "2006.11.23"]
[SourceVersion "1"]
[SourceVersionDate "2006.11.23"]
[SourceQuality "1"]

1. e4 d6 2. d4 Nf6 3. Nc3 e5 4. Nf3 exd4 5. Nxd4 Be7 6. g3 0-0 7. Bg2 Re8 8. 0-0 Bf8 9. h3 b6 10. e5 dxe5 11. Ndb5 Qe7 12. Bxa8 c6 13. Bg5 Bxh3 14. Re1 h6 15. Bxf6 Qxf6 16. Nxa7 Qg6 17. Qf3 Bg4 18. Qg2 Qf5 19. Nxc6 Na6 20. Rxe5 Rxe5 21. Nxe5 Qxe5 22. Qe4 Qg5 23. Bd5 Nc5 24. Qc4 Ne6 25. Bg2 h5 26. Qb5 Qg6 27. Ne4 h4 28. Re1 hxg3 29. fxg3 Bf5 30. Qe5 Ng5 31. Nxg5 Qxg5 32. Qf4 Qh5 33. Re8 Qd1+ 34. Kh2 Bxc2 35. Qb4 Qh5+ 36. Bh3 Qc5 37. Qxc5 bxc5 38. Bd7 g5 39. a4 f5 40. a5 Bd3 41. Re5 f4 42. Rxg5+ Kf7 43. gxf4 Bg7 44. Rxc5 Bxb2 45. Bb5 1-0

[Event "UKR-ch U20 qual"]
[Site "Lvov"]
[Date "2005.12.12"]
[Round "2"]
[White "Kravtsiv, Martyn"]
[Black "Yaremko, Nazar"]
[Result "1/2-1/2"]
[WhiteElo "2317"]
[BlackElo "2254"]
[PlyCount "59"]
[EventDate "2005.12.11"]
[EventType "swiss"]
[EventRounds "9"]
[EventCountry "UKR"]
[SourceTitle "EXT 2007"]
[Source "ChessBase"]
[SourceDate "2006.11.23"]
[SourceVersion "1"]
[SourceVersionDate "2006.11.23"]
[SourceQuality "1"]

1. e4 d6 2. d4 Nf6 3. Nc3 e5 4. Nf3 exd4 5. Nxd4 Be7 6. Bc4 c6 7. a4 0-0 8. 0-0 d5 9. exd5 cxd5 10. Be2 Nc6 11. Bf4 Bc5 12. Nb3 Bd6 13. Bg5 Be5 14. Bf3 Be6 15. Re1 h6 16. Bh4 Qd6 17. Bg3 Bxg3 18. hxg3 a6 19. Nd4 Nxd4 20. Qxd4 Rac8 21. Rad1 Rfd8 22. Rd2 Rc4 23. Qxc4 dxc4 24. Rxd6 Rxd6 25. a5 b6 26. Ra1 bxa5 27. Rxa5 Rd2 28. Rxa6 Rxc2 29. Rb6 g6 30. Ne4 1/2-1/2